Central Library OPAC University of Rajshahi

মদীনা রাষ্ট্রের বৈদেশিক নীতি : (Record no. 81543)

MARC details
000 -LEADER
fixed length control field 01546nam a2200253 a 4500
001 - CONTROL NUMBER
RUCL Control Number 81543
003 - CONTROL NUMBER IDENTIFIER
rucl marc code BD-RjUL
005 - DATE AND TIME OF LATEST TRANSACTION
control field 20230826164649.0
008 - FIXED-LENGTH DATA ELEMENTS--GENERAL INFORMATION
fixed length control field 230709s2020 bg |||| m||| 00| 0 ben d
035 ## - SYSTEM CONTROL NUMBER
system control number (BD-RjUL)81543
040 ## - CATALOGING SOURCE
Original cataloging agency BD-RjUL
Language of cataloging ben/eng
Transcribing agency BD-RjUL
Modifying agency BD-RjUL
041 ## - LANGUAGE CODE
Language code of Book ben
082 ## - DEWEY DECIMAL CLASSIFICATION NUMBER
DDC Edition number 23
Classification number 327.1538
Author mark and Year AHM 2020
100 ## - MAIN ENTRY--PERSONAL NAME
Personal name আহসানুল্লাহ, মুহাম্মদ
9 (RLIN) 7944
245 10 - TITLE STATEMENT
Title মদীনা রাষ্ট্রের বৈদেশিক নীতি :
Remainder of title পদ্ধতি ও কৌশল (৬২২-৬৬১ খ্রি.) /
Statement of responsibility, etc মুহাম্মদ আহসানুল্লাহ
Name of Supervisor/Co-Supervisor তত্ত্বাবধায়ক : মুহা. বিলাল হুসাইন
246 ## - VARYING FORM OF TITLE
Title proper/short title [THE FOREIGN POLICY OF THE STATE OF MADINA :
Remainder of title METHODS AND STRATEGIES (622-661 A.D.)] /
260 ## - PUBLICATION, DISTRIBUTION, ETC. (IMPRINT)
Place of publication, distribution, etc রাজশাহী :
Name of publisher, distributor, etc আরবী বিভাগ, রাজশাহী বিশ্ববিদ্যালয়,
Date of publication, distribution, etc ২০২০.
300 ## - PHYSICAL DESCRIPTION
Pagination [২],xviii,[১],২৩৫ পাতা ;
Dimensions ২৯ সেমি.
502 ## - DISSERTATION NOTE
Dissertation note থিসিস (পিএইচ.ডি)-- আরবী বিভাগ,রাজশাহী বিশ্ববিদ্যালয়,২০২০
504 ## - BIBLIOGRAPHY, ETC. NOTE
Bibliography, etc গ্রন্থপঞ্জি : পাতা ২২৬-২৩৫
650 ## - SUBJECT ADDED ENTRY--TOPICAL TERM
Topical term or geographic name as entry element বৈদেশিক নীতি
Geographic subdivision সৌদী আরব
-- মদীনা
9 (RLIN) 7945
700 ## - ADDED ENTRY--SUPERVISOR/CO-SUPERVISOR NAME
Personal name হুসাইন, মুহা. বিলাল, তত্ত্বাবধায়ক
9 (RLIN) 7946
942 ## - ADDED ENTRY ELEMENTS (KOHA)
Source of classification or shelving scheme Dewey Decimal Classification
Koha item type Theses
Holdings
Source of classification or shelving scheme Damaged status Not for loan Collection code Permanent Location Current Location Shelving location Date of accession Source of acquisition Total Checkouts Full call number Barcode Date last seen Copy number Thesis
Dewey Decimal Classification   Not For Loan Theses Central Library, University of Rajshahi Central Library, University of Rajshahi Documentation Section 15/02/2023 Controller of Exam. R.U.   BTHE 327.1538 AHM 2020 D4667 09/07/2023 C-1 Theses